000 00648nam a22002057a 4500
999 _c739
_d739
003 AR-CdUCM
008 190225b ||||| |||| 00| 0 spa d
040 _aMUNICIPALIDAD PROVINCIAL DEL CUSCO
_cBIBLIOTECA MUNICIPAL DEL CUSCO
082 _a869.56 /
_bR63
100 _adel Rio, Florencia
_92838
245 _aPuerto Incendiado /
_cdel Rio, Florencia
260 _aLima, PerĂº :
_bConcytec ,
_c1990.
300 _a73 paginas :
_c20.5 cm.
650 _aPoesia Peruana.
_9280
650 _aPoesia Latinoamericana.
_92147
650 _aPuerto Incendiado.
_92839
700 _adel Rio, Florencia
_92838
942 _2ddc
_cLIBROS
945 _artm
_d2019-02-25